000 00792nam a22002297a 4500
999 _c7054
_d7054
001 7054
003 BD-JhCC
005 20221120134024.0
008 180204b2000 bg |||| ||a| 000 0 ben d
020 _a9844101751
035 _a(BD-JhCC)7054
040 _aBD-JhCC
_dBD-JhCC
041 _aben
082 _a954.905
_bCHO 2000
100 _aচৌধুরী, মইনুল হোসেন
245 _aএক জেনারেলের নীরব সাক্ষ্য :
_bস্বাধীনতার প্রথম দশক /
_cমইনুল হোসেন চৌধুরী
260 _aঢাকা :
_bমাওলা ব্রাদার্স,
_c2000.
300 _a176 p. :
_c22 cm.
650 _aLiberation
_zBangladesh
942 _2ddc
_cBK
_02